Discurso de Rigoberta Manchú, en la recepción del Premio Nobel de la Paz: 1992 /
Sparad:
| Huvudupphovsman: | |
|---|---|
| Materialtyp: | Bok |
| Språk: | Spanish |
| Ämnen: | |
| Taggar: |
Lägg till en tagg
Inga taggar, Lägg till första taggen!
|
MARC
| LEADER | 00000nam a22000007a 4500 | ||
|---|---|---|---|
| 003 | cru CIDCACS/IIS | ||
| 005 | 20190918100302.0 | ||
| 008 | 190917b ||||| |||| 00| 0 spa d | ||
| 999 | |c 42355 |d 42355 | ||
| 040 | |c cru CIDCACS/IIS | ||
| 100 | 1 | |9 6817 |a Menchú, Rigoberta | |
| 245 | 1 | |a Discurso de Rigoberta Manchú, en la recepción del Premio Nobel de la Paz: |b 1992 / |c Rigoberta Manchú | |
| 300 | |a páginas 120-129 | ||
| 650 | 4 | |9 3737 |a POBLACION INDIGENA | |
| 650 | 0 | |9 8529 |a DERECHOS INDIGENAS | |
| 650 | 0 | |9 2122 |a DESARROLLO SOCIAL | |
| 651 | 0 | |9 17 |a AMERICA LATINA | |
| 773 | 0 | |0 41952 |9 3373 |d Madrid: Solidaridad para el desarrollo y la paz, SODEPAZ-SODEPAU; Asociación Andaluza por la solidaridad y la paz 1990- |o 02734 |t Africa América Latina: |x 11302569 | |
| 942 | |2 ddc |c PP | ||
